00653nam a2200217 a 45000010005000000030008000050050017000130080039000300350018000690400036000870410008001230820024001311000021001552450064001762600037002403000033002775040037003106500024003476500024003717000040003956600BD-RjUL20211208234257.0160922s1964 nyua b 001 0 eng a(BD-RjUL)6641 aDLC/ICUcICUdDLCdBD-RjULbeng aeng00a515.7bSAN 19642231 aSaaty, Thomas L.10aNonlinear mathematics /cThomas L. Saaty [and] Joseph Bram. aNew York :bMcGraw-Hill ,cc1964 axv, 381 p. :bill. ;c21 cm. aIncludes bibliography and index. 0aNonlinear theories. 0aFunctional analysis1 aBram, Joseph,d1926-ejoint author.